Calculus from graphical, numerical, and symbolic points of view / (Record no. 3569)
| 000 -LEADER | |
|---|---|
| fixed length control field | 01230cam a2200325 a 4500 |
| 001 - CONTROL NUMBER | |
| control field | 12403955 |
| 003 - CONTROL NUMBER IDENTIFIER | |
| control field | OSt |
| 005 - DATE AND TIME OF LATEST TRANSACTION | |
| control field | 20161014130558.0 |
| 008 - FIXED-LENGTH DATA ELEMENTS--GENERAL INFORMATION | |
| fixed length control field | 010509m20022004txua 001 0 eng |
| 010 ## - LIBRARY OF CONGRESS CONTROL NUMBER | |
| LC control number | 2001090881 |
| Canceled/invalid LC control number | 2001096566 |
| -- | 2002117273 |
| 020 ## - INTERNATIONAL STANDARD BOOK NUMBER | |
| International Standard Book Number | 0030256712 (v. 1) |
| 020 ## - INTERNATIONAL STANDARD BOOK NUMBER | |
| International Standard Book Number | 003025681X (v. 2) |
| 020 ## - INTERNATIONAL STANDARD BOOK NUMBER | |
| International Standard Book Number | 0618248579 (v. 3) |
| 040 ## - CATALOGING SOURCE | |
| Original cataloging agency | DLC |
| Transcribing agency | DLC |
| Modifying agency | DLC |
| 050 00 - LIBRARY OF CONGRESS CALL NUMBER | |
| Classification number | QA303.2.O78 2002 |
| 082 00 - DEWEY DECIMAL CLASSIFICATION NUMBER | |
| Classification number | 515 |
| Edition number | 21 |
| 100 1# - MAIN ENTRY--PERSONAL NAME | |
| Personal name | Ostebee, Arnold. |
| 245 10 - TITLE STATEMENT | |
| Title | Calculus from graphical, numerical, and symbolic points of view / |
| Statement of responsibility, etc | Arnold Ostebee, Paul Zorn. |
| 250 ## - EDITION STATEMENT | |
| Edition statement | 2nd ed. |
| 260 ## - PUBLICATION, DISTRIBUTION, ETC. (IMPRINT) | |
| Place of publication, distribution, etc | Fort Worth : |
| Name of publisher, distributor, etc | Harcourt College Publishers, |
| Date of publication, distribution, etc | c2002 |
| 300 ## - PHYSICAL DESCRIPTION | |
| Extent | 1 v. : |
| Other physical details | ill. (some col.) ; |
| Dimensions | 27-28 cm. |
| 500 ## - GENERAL NOTE | |
| General note | Vol. 2 has imprint: Australia ; United States : Brooks/Cole-Thomson Learning. |
| 500 ## - GENERAL NOTE | |
| General note | Vol. 3 has imprint: Boston : Houghton Mifflin Co. |
| 500 ## - GENERAL NOTE | |
| General note | Includes indexes. |
| 650 #0 - SUBJECT ADDED ENTRY--TOPICAL TERM | |
| Topical term or geographic name as entry element | Calculus. |
| 700 1# - ADDED ENTRY--PERSONAL NAME | |
| Personal name | Zorn, Paul, |
| Dates associated with a name | 1951- |
| 906 ## - LOCAL DATA ELEMENT F, LDF (RLIN) | |
| a | 7 |
| b | cbc |
| c | orignew |
| d | 2 |
| e | epcn |
| f | 20 |
| g | y-gencatlg |
| 942 ## - ADDED ENTRY ELEMENTS (KOHA) | |
| Source of classification or shelving scheme | |
| Koha item type | Book |
| Withdrawn status | Lost status | Source of classification or shelving scheme | Damaged status | Not for loan | Home library | Current library | Shelving location | Date acquired | Total Checkouts | Full call number | Barcode | Date last seen | Copy number | Price effective from | Koha item type |
|---|---|---|---|---|---|---|---|---|---|---|---|---|---|---|---|
| Riara University Library | Riara University Library | General stack | 14/10/2016 | QA303.2.O78 2002 | 8690/16 | 14/10/2016 | C.1 | 14/10/2016 | Book | ||||||
| Riara University Library | Riara University Library | General stack | 03/11/2016 | QA303.2.O78 2002 | 8186/16 | 03/11/2016 | C.2 | 03/11/2016 | Book |
